000 00362nam a2200157Ia 4500
008 230711s9999||||xx |||||||||||||| ||und||
041 _aENG
082 _a720
_bAL-L
100 _aAllen,Brocko H
245 0 _aLe corbusier
250 _a1st Ed.
260 _c1987
_aNew Delhi
_bUniversity Science Press
300 _a267
650 _aArchitecture
942 _cBK
999 _c1568
_d1568